000 00689nam a22002057a 4500
003 UA-OsUOA
001 56263
007 ta
008 20081013b un ||||| |||| 00| 0 ukr d
090 _a311.313(477.81)
_bВ43
942 _cBK
040 _aUA-OsUOA
_bukr
_cUA-OsUOA
_dUA-OsUOA
245 _aВикористання енергетичних матеріалів та продуктів перероблення нафти за 2007 рік
_bСтатистичний збірник
300 _a29 с.
955 _a2
041 _aukr
080 _a311.313(477.81)
650 7 _a311 Статистика як наука. Теорія статистики
_2UDC
999 _c342322
_d342322